| 000 | 01363cam a2200229 4500 | ||
|---|---|---|---|
| 001 | ##L135541 | ||
| 008 | 061106n2006 000 0 eng u | ||
| 035 | _a(Sirsi) u135541 | ||
| 041 | 0 | _aeng | |
| 050 | 0 | 4 | _a690.22 $2 18 |
| 100 | 1 | _aCarpenter, John | |
| 245 | 0 | 0 | _aDeveloping guidelines for the selection of designers and contractors under the Construction (Design and Management) Regulations 1994 |
| 260 |
_aSudbury _bHSE _c2006 |
||
| 490 | 0 |
_aHSE Research Report _v422 |
|
| 520 | _aExamines the application of the Construction (Design and Management) Regulations 1994 Regs 8 and 9 and of the proposed Construction (Design and Management) Regulations 2006 Regs 4 and 7. These Regulations require contractors, designers and co-ordinators to be competent and adequately resourced. Suggests a standardised approach so as to avoid uncertainty in the definition of competence and resource, and promotes a means of avoiding unnecessary repetition in requests for demonstration of competence. | ||
| 650 | 2 | 4 | _aCONSTRUCTION (DESIGN AND MANAGEMENT) REGULATIONS 1994 |
| 650 | 2 | 4 | _aCONSTRUCTION (DESIGN AND MANAGEMENT) REGULATIONS 2006 |
| 690 |
_aHealth and safety _96244 |
||
| 710 | 1 |
_aGreat Britain _bHealth and Safety Executive |
|
| 856 | 4 | 0 |
_uhttps://www.hse.gov.uk/RESEARCH/rrhtm/rr422.htm _zView the report free of charge at www.hse.gov.uk... |
| 942 | _n0 | ||
| 999 |
_c106094 _d106094 |
||